000 01143naa a22003017a 4500
001 BR6009361
003 BR-BrBNA
005 20240918173011.0
007 ta
008 230509b bl.||||| |||| 00| 0 por d
040 _aBR-BrBNA
_bpor
_cBiblioteca Nacional de Agricultura
041 _a(Pt)
072 _aK20; K10
_b/G514
090 _aK20 BR6009361
100 1 _aGuerra, F.
111 1 _a1. Consulta sobre Economia Florestal no Brasil
_cRio de Janeiro, GB (Brazil)
_d27 Nov 1972
245 1 _aAspectos da economia florestal amazonica [Administracao florestal; Producao florestal; Brasil]
260 3 _aRio de Janeiro, GB (Brasil):
_c1972.
500 _a1. Consulta sobre Economia Florestal no Brasil Rio de Janeiro, GB (Brasil): 1972. p. 175-179 (BR6009361-AM)K20
650 _aAdministracao florestal
650 _aProducao florestal
650 _aEconomia florestal
650 _aDesenvolvimento industrial
650 _aAmazonia
773 0 _t1. Consulta sobre Economia Florestal no Brasil
_b
_wK20 BR6009361
_gRio de Janeiro, GB (Brasil), 1972. p. 175-179
909 _a202404
_bLucia
_c55
_dLucia Elande
942 _cAM
_2AGRIS
999 _c302446
_d302446